000 00714nam a22002417a 4500
003 UA-OsUOA
001 31192
007 ta
008 20041207b un ||||| |||| 00| 0 ukr d
090 _a543(075.8)
_bТ34
942 _cBK
040 _aUA-OsUOA
_bukr
_cUA-OsUOA
_dUA-OsUOA
245 _aТеоритичні основи та способи розв'язання задач з аналітичної хімії
_bНавчальний посібник
_cРед. О. А.Бугаєвського
300 _a320 с.
955 _a0
041 _aukr
080 _a543(075.8)
020 _a966-623-203-0
260 _aХарків
_bХНУ
_c2003
044 _aUA
650 7 _2UDC
999 _c317614
_d317614